[Event "UKR-ch"]
[Site "Zhytomyr UKR"]
[Date "2017.12.08"]
[Round "3.5"]
[White "Shevchenko, Kirill"]
[Black "Golubka, Petro"]
[Result "0-1"]
[WhiteElo "2547"]
[BlackElo "2475"]
[WhiteFideId "-1"]
[BlackFideId "-1"]
[PlyCount "154"]
[GameId "2130307624512874"]
[EventDate "2017.12.06"]
[EventType "tourn"]
[EventRounds "11"]
[EventCountry "UKR"]
[EventCategory "11"]
[SourceTitle "10 Days #528"]
[Source "Chess Mix"]
[SourceDate "2017.12.20"]
[SourceVersion "1"]
[SourceVersionDate "2017.12.20"]
[SourceQuality "1"]

1. e4 c5 2. Nf3 d6 3. d4 cxd4 4. Nxd4 Nf6 5. Nc3 a6 6. h3 e6 7. g4 d5 8. exd5 Nxd5 9. Nde2 Bb4 10. Bg2 O-O 11. O-O Nxc3 12. Nxc3 Qc7 13. Qf3 Nc6 14. Bf4 Bd6 15. Bxd6 Qxd6 16. Ne4 Qb4 17. Qb3 Qxb3 18. cxb3 Nd4 19. Nd6 Rb8 20. Rad1 Ne2+ 21. Kh2 Nf4 22. Bf3 b6 23. Kg3 e5 24. Nc4 f6 25. Rd6 b5 26. Na5 h5 27. Rc1 hxg4 28. hxg4 Be6 29. Rcc6 Kf7 30. Rc7+ Kg6 31. Nc6 Rbe8 32. Be4+ Kh6 33. Nd4 g6 34. Rxa6 Bd5 35. g5+ Kxg5 36. Nf3+ Kh6 37. Raa7 Bg8 38. Bc6 Rd8 39. Rd7 b4 40. Nd2 Rxd7 41. Bxd7 Bd5 42. Bg4 Rd8 43. Rd7 Ra8 44. Bf3 Bxf3 45. Kxf3 Rxa2 46. Ne4 Nh5 47. Nd6 Kg5 48. Ne4+ Kf5 49. Rb7 Rxb2 50. Rxb4 g5 51. Nd6+ Kg6 52. Rb6 g4+ 53. Kxg4 Rxf2 54. Rb8 f5+ 55. Kh3 Rc2 56. b4 Nf4+ 57. Kg3 Rc3+ 58. Kf2 Rc6 59. Nc8 Rc2+ 60. Kf3 Rc3+ 61. Kf2 e4 62. Ne7+ Kf6 63. Ng8+ Kg5 64. Re8 Rf3+ 65. Ke1 e3 66. Re7 Ng2+ 67. Kd1 Rf1+ 68. Kc2 Rf2+ 69. Kc3 e2 70. b5 e1=Q+ 71. Rxe1 Nxe1 72. Ne7 Rc2+ 73. Kd4 Rb2 74. Kc5 Nd3+ 75. Kc6 Ne5+ 76. Kc5 f4 77. Nd5 f3 0-1

[Event "UKR-ch"]
[Site "Zhytomyr UKR"]
[Date "2017.12.09"]
[Round "4.2"]
[White "Golubka, Petro"]
[Black "Gasanov, Eldar"]
[Result "1/2-1/2"]
[WhiteElo "2475"]
[BlackElo "2488"]
[WhiteFideId "-1"]
[BlackFideId "-1"]
[PlyCount "75"]
[GameId "2130307624512877"]
[EventDate "2017.12.06"]
[EventType "tourn"]
[EventRounds "11"]
[EventCountry "UKR"]
[EventCategory "11"]
[SourceTitle "10 Days #528"]
[Source "Chess Mix"]
[SourceDate "2017.12.20"]
[SourceVersion "1"]
[SourceVersionDate "2017.12.20"]
[SourceQuality "1"]

1. e4 e5 2. Nf3 Nc6 3. Bb5 a6 4. Ba4 Nf6 5. O-O Be7 6. Re1 b5 7. Bb3 d6 8. c3 O-O 9. h3 Nb8 10. d4 Nbd7 11. Nbd2 Bb7 12. Bc2 Re8 13. b3 Bf8 14. Bb2 g6 15. a4 c6 16. Bd3 Qc7 17. Qc2 Nh5 18. Rad1 Rad8 19. Bf1 Nf4 20. Ba3 Nf6 21. g3 Ne6 22. dxe5 dxe5 23. Bxf8 Rxf8 24. b4 c5 25. axb5 axb5 26. bxc5 Qxc5 27. Qb2 Bc6 28. Rb1 Rb8 29. Qb4 Rfe8 30. Rbc1 Kg7 31. Nb3 Qxb4 32. cxb4 Bxe4 33. Nxe5 Bd5 34. Nc5 Nd4 35. f4 Nf3+ 36. Nxf3 Bxf3 37. Rxe8 Rxe8 38. Bxb5 1/2-1/2

[Event "UKR-ch"]
[Site "Zhytomyr UKR"]
[Date "2017.12.10"]
[Round "5.6"]
[White "Frolov, Artur"]
[Black "Golubka, Petro"]
[Result "1/2-1/2"]
[WhiteElo "2416"]
[BlackElo "2475"]
[WhiteFideId "-1"]
[BlackFideId "-1"]
[PlyCount "41"]
[GameId "2130307624512887"]
[EventDate "2017.12.06"]
[EventType "tourn"]
[EventRounds "11"]
[EventCountry "UKR"]
[EventCategory "11"]
[SourceTitle "10 Days #528"]
[Source "Chess Mix"]
[SourceDate "2017.12.20"]
[SourceVersion "1"]
[SourceVersionDate "2017.12.20"]
[SourceQuality "1"]

1. e4 e5 2. Nf3 Nc6 3. Bb5 a6 4. Bxc6 dxc6 5. d4 exd4 6. Qxd4 Qxd4 7. Nxd4 Bd6 8. Be3 Bd7 9. Nd2 Ne7 10. Nc4 O-O-O 11. O-O-O Rhe8 12. Nxd6+ cxd6 13. Rhe1 Kc7 14. f3 f6 15. Bf4 Ng6 16. Bg3 Ne5 17. b3 b6 18. a4 h6 19. Kb2 b5 20. axb5 axb5 21. h4 1/2-1/2

[Event "UKR-ch"]
[Site "Zhytomyr UKR"]
[Date "2017.12.11"]
[Round "6.1"]
[White "Grinev, Valeriy"]
[Black "Golubka, Petro"]
[Result "1/2-1/2"]
[WhiteElo "2409"]
[BlackElo "2475"]
[WhiteFideId "-1"]
[BlackFideId "-1"]
[PlyCount "39"]
[GameId "2130307624512888"]
[EventDate "2017.12.06"]
[EventType "tourn"]
[EventRounds "11"]
[EventCountry "UKR"]
[EventCategory "11"]
[SourceTitle "10 Days #528"]
[Source "Chess Mix"]
[SourceDate "2017.12.20"]
[SourceVersion "1"]
[SourceVersionDate "2017.12.20"]
[SourceQuality "1"]

1. e4 e5 2. Nf3 Nf6 3. d4 Nxe4 4. dxe5 Bc5 5. Bc4 Nxf2 6. Bxf7+ Kxf7 7. Qd5+ Kg6 8. Qxc5 Nxh1 9. Nc3 h6 10. Qc4 Kh7 11. Nd5 Re8 12. Qe4+ Kh8 13. Bxh6 gxh6 14. Qf4 Re6 15. Nxc7 Qxc7 16. Qf8+ Kh7 17. Qf7+ Kh8 18. Qf8+ Kh7 19. Qf7+ Kh8 20. Qf8+ 1/2-1/2

[Event "UKR-ch"]
[Site "Zhytomyr UKR"]
[Date "2017.12.13"]
[Round "7.4"]
[White "Golubka, Petro"]
[Black "Oleksienko, Michailo"]
[Result "1-0"]
[WhiteElo "2475"]
[BlackElo "2615"]
[WhiteFideId "-1"]
[BlackFideId "-1"]
[PlyCount "89"]
[GameId "2130307624512896"]
[EventDate "2017.12.06"]
[EventType "tourn"]
[EventRounds "11"]
[EventCountry "UKR"]
[EventCategory "11"]
[SourceTitle "10 Days #528"]
[Source "Chess Mix"]
[SourceDate "2017.12.20"]
[SourceVersion "1"]
[SourceVersionDate "2017.12.20"]
[SourceQuality "1"]

1. e4 e5 2. Nf3 Nc6 3. Bb5 f5 4. Nc3 fxe4 5. Nxe4 Nf6 6. Nxf6+ Qxf6 7. Qe2 Be7 8. Bxc6 bxc6 9. Nxe5 Qe6 10. d4 O-O 11. Nd3 Qf7 12. Be3 d6 13. O-O Bf6 14. Qd2 a5 15. a4 Ba6 16. Rfe1 Bh4 17. Rf1 Qf5 18. b3 c5 19. dxc5 dxc5 20. f3 c4 21. bxc4 Bxc4 22. Qc3 Qd5 23. Bd4 Bxd3 24. cxd3 Bf6 25. Bxf6 Rxf6 26. Rac1 c6 27. Rfe1 Rd8 28. Re4 h6 29. d4 Re6 30. Re5 Rxe5 31. dxe5 Kf7 32. f4 Qd4+ 33. Qxd4 Rxd4 34. g3 Rxa4 35. Kf2 Ra2+ 36. Kf3 Rxh2 37. Rxc6 Rb2 38. Rc7+ Kg6 39. g4 Rb3+ 40. Kg2 a4 41. f5+ Kg5 42. Rxg7+ Kf4 43. e6 Rb8 44. e7 Ke5 45. Rg6 1-0

[Event "UKR-ch"]
[Site "Zhytomyr UKR"]
[Date "2017.12.14"]
[Round "8.2"]
[White "Vypkhaniuk, Igor"]
[Black "Golubka, Petro"]
[Result "1/2-1/2"]
[WhiteElo "2336"]
[BlackElo "2475"]
[WhiteFideId "-1"]
[BlackFideId "-1"]
[PlyCount "28"]
[GameId "2130307624512900"]
[EventDate "2017.12.06"]
[EventType "tourn"]
[EventRounds "11"]
[EventCountry "UKR"]
[EventCategory "11"]
[SourceTitle "10 Days #528"]
[Source "Chess Mix"]
[SourceDate "2017.12.20"]
[SourceVersion "1"]
[SourceVersionDate "2017.12.20"]
[SourceQuality "1"]

1. Nf3 Nf6 2. d4 e6 3. g3 b5 4. Bg2 Bb7 5. Bg5 Be7 6. c3 a6 7. a4 d5 8. O-O Nbd7 9. b4 a5 10. bxa5 Rxa5 11. Nbd2 c6 12. axb5 cxb5 13. Rxa5 Qxa5 14. Qa1 Qb6 1/2-1/2

[Event "UKR-ch"]
[Site "Zhytomyr UKR"]
[Date "2017.12.15"]
[Round "9.5"]
[White "Golubka, Petro"]
[Black "Onischuk, Vladimir"]
[Result "1/2-1/2"]
[WhiteElo "2475"]
[BlackElo "2637"]
[WhiteFideId "-1"]
[BlackFideId "-1"]
[PlyCount "108"]
[GameId "2130307624512909"]
[EventDate "2017.12.06"]
[EventType "tourn"]
[EventRounds "11"]
[EventCountry "UKR"]
[EventCategory "11"]
[SourceTitle "10 Days #528"]
[Source "Chess Mix"]
[SourceDate "2017.12.20"]
[SourceVersion "1"]
[SourceVersionDate "2017.12.20"]
[SourceQuality "1"]

1. e4 d6 2. d4 Nf6 3. f3 g6 4. Be3 Bg7 5. Nc3 c6 6. Qd2 h6 7. g4 b5 8. a4 b4 9. Nce2 a5 10. c3 bxc3 11. bxc3 e5 12. Ng3 exd4 13. cxd4 Na6 14. Bxa6 Bxa6 15. Rc1 Rc8 16. N1e2 h5 17. g5 Nd7 18. h4 c5 19. O-O O-O 20. Rfd1 cxd4 21. Bxd4 Ne5 22. Kg2 Rxc1 23. Rxc1 Qa8 24. Nf4 Bb7 25. Rc3 Rc8 26. Nge2 Re8 27. Kf2 d5 28. exd5 Bxd5 29. Bxe5 Rxe5 30. Nxd5 Rxd5 31. Rd3 Rxd3 32. Qxd3 Qb8 33. Kg2 Qb4 34. Qe4 Qxe4 35. fxe4 Kf8 36. Nf4 Ke7 37. Kf3 Kd6 38. Nd3 Bc3 39. Kf4 Ke6 40. Nc5+ Ke7 41. Nd3 Kd6 42. Kg3 f6 43. gxf6 Bxf6 44. Kh3 Ke6 45. Kg3 Bd8 46. Kh3 Kf6 47. Kg3 Bc7+ 48. Kh3 Bd6 49. Kg2 g5 50. hxg5+ Kxg5 51. Kh3 Bb8 52. Nc1 Kf4 53. Nb3 Bc7 54. Kh4 Ke5 1/2-1/2

[Event "UKR-ch"]
[Site "Zhytomyr UKR"]
[Date "2017.12.16"]
[Round "10.3"]
[White "Kovchan, Alexander"]
[Black "Golubka, Petro"]
[Result "1/2-1/2"]
[WhiteElo "2592"]
[BlackElo "2475"]
[WhiteFideId "-1"]
[BlackFideId "-1"]
[PlyCount "78"]
[GameId "2130307624512913"]
[EventDate "2017.12.06"]
[EventType "tourn"]
[EventRounds "11"]
[EventCountry "UKR"]
[EventCategory "11"]
[SourceTitle "10 Days #528"]
[Source "Chess Mix"]
[SourceDate "2017.12.20"]
[SourceVersion "1"]
[SourceVersionDate "2017.12.20"]
[SourceQuality "1"]

1. e4 c5 2. Nf3 d6 3. d4 cxd4 4. Nxd4 Nf6 5. Nc3 a6 6. Be3 Nc6 7. f3 e6 8. Qd2 Be7 9. O-O-O O-O 10. g4 Nxd4 11. Bxd4 b5 12. a3 Nd7 13. Rg1 Rb8 14. g5 Ne5 15. Rg3 Nc6 16. f4 Nxd4 17. Qxd4 Bd7 18. e5 d5 19. Ne4 dxe4 20. Qxd7 Qxd7 21. Rxd7 Bc5 22. Rc3 Rbc8 23. Bg2 Bg1 24. Rh3 e3 25. Be4 g6 26. Bd3 Rfd8 27. Rxd8+ Rxd8 28. Kd1 Rd4 29. Rh4 b4 30. axb4 Rxb4 31. b3 a5 32. Ke2 a4 33. bxa4 Rxa4 34. Kf3 Bf2 35. Rh6 Bg1 36. Be2 Kg7 37. Bd3 Rd4 38. Rh4 Bf2 39. Rh6 Bg1 1/2-1/2

[Event "UKR-ch"]
[Site "Zhytomyr UKR"]
[Date "2017.12.17"]
[Round "11.4"]
[White "Golubka, Petro"]
[Black "Bernadskiy, Vitaliy"]
[Result "1-0"]
[WhiteElo "2475"]
[BlackElo "2583"]
[WhiteFideId "-1"]
[BlackFideId "-1"]
[PlyCount "91"]
[GameId "2130307624512920"]
[EventDate "2017.12.06"]
[EventType "tourn"]
[EventRounds "11"]
[EventCountry "UKR"]
[EventCategory "11"]
[SourceTitle "10 Days #528"]
[Source "Chess Mix"]
[SourceDate "2017.12.20"]
[SourceVersion "1"]
[SourceVersionDate "2017.12.20"]
[SourceQuality "1"]

1. e4 c5 2. Nf3 e6 3. d4 cxd4 4. Nxd4 a6 5. Nc3 Qc7 6. Bd3 g6 7. Be3 Bg7 8. f4 d6 9. Qd2 Nf6 10. Ndb5 axb5 11. Nxb5 Qd8 12. e5 dxe5 13. fxe5 Nfd7 14. Bg5 f6 15. Nd6+ Kf8 16. exf6 Nxf6 17. O-O Nbd7 18. Bb5 h6 19. Bh4 g5 20. Bg3 Kg8 21. Rae1 Nf8 22. Kh1 Rxa2 23. Qc3 Bd7 24. Bc4 Ra4 25. Be5 N8h7 26. b4 b5 27. Bb3 Ra6 28. Nf5 Kf7 29. Qh3 Kg6 30. Nd6 Bf8 31. Nb7 Qc8 32. Qd3+ Kg7 33. Qd4 Be7 34. Nc5 Rd8 35. Nxa6 Qxa6 36. Ra1 Qc6 37. Ra7 Kg6 38. c3 Bc8 39. Bc2+ Kh5 40. Qe3 g4 41. Rxe7 Qc4 42. Rg1 Nd5 43. Qxh6+ Kxh6 44. Rxh7+ Kg5 45. h4+ gxh3 46. gxh3+ 1-0

[Event "Oberliga Ost-B 1718"]
[Site "Germany"]
[Date "2017.10.22"]
[Round "1.1"]
[White "Golubka, Petro"]
[Black "Henrich, Thomas"]
[Result "1-0"]
[WhiteElo "2445"]
[BlackElo "2310"]
[WhiteFideId "-1"]
[BlackFideId "-1"]
[PlyCount "95"]
[GameId "1176899204644864"]
[EventDate "2017.10.22"]
[EventType "team-tourn"]
[EventRounds "11"]
[EventCountry "GER"]
[SourceTitle "EXT 2019"]
[Source "ChessBase"]
[SourceDate "2018.10.10"]
[SourceVersion "1"]
[SourceVersionDate "2018.10.10"]
[SourceQuality "1"]
[WhiteTeam "Oberursel"]
[BlackTeam "Marburg"]
[WhiteTeamCountry "GER"]
[BlackTeamCountry "GER"]

1. d4 e6 2. e4 d5 3. Nd2 c5 4. Ngf3 Nc6 5. exd5 exd5 6. Bb5 Qe7+ 7. Be2 Nf6 8. O-O Qc7 9. dxc5 Bxc5 10. Nb3 Be7 11. Bg5 O-O 12. c3 Be6 13. Nfd4 Rad8 14. Re1 h6 15. Bh4 Ne4 16. Bxe7 Qxe7 17. Bd3 Nxd4 18. Nxd4 Nc5 19. Bc2 Qf6 20. Re3 Rfe8 21. Qh5 Nd7 22. Ba4 a6 23. Rae1 b5 24. Bb3 Nf8 25. a4 b4 26. a5 bxc3 27. bxc3 Rc8 28. Qe2 Bd7 29. Bxd5 Rxe3 30. fxe3 Rxc3 31. Rf1 Qe5 32. Bxf7+ Kh7 33. Bb3 Ng6 34. Bc2 Be8 35. Bd3 Qxa5 36. h4 Qa3 37. Bf5 Kh8 38. Qf2 Qe7 39. h5 Ne5 40. Be6 Bxh5 41. Qf5 Rxe3 42. Qxh5 Nc6 43. Qd5 Nxd4 44. Qa8+ Kh7 45. Qg8+ Kg6 46. Bf7+ Kg5 47. Qxg7+ Kh4 48. Rf4# 1-0

[Event "Oberliga Ost-B 1718"]
[Site "Germany"]
[Date "2017.11.11"]
[Round "2.1"]
[White "Mueller, Maximilian"]
[Black "Golubka, Petro"]
[Result "1/2-1/2"]
[WhiteElo "2313"]
[BlackElo "2445"]
[WhiteFideId "-1"]
[BlackFideId "-1"]
[PlyCount "33"]
[GameId "1184500958101504"]
[EventDate "2017.10.22"]
[EventType "team-tourn"]
[EventRounds "11"]
[EventCountry "GER"]
[SourceTitle "EXT 2019"]
[Source "ChessBase"]
[SourceDate "2018.10.10"]
[SourceVersion "1"]
[SourceVersionDate "2018.10.10"]
[SourceQuality "1"]
[WhiteTeam "Gernsheim"]
[BlackTeam "Oberursel"]
[WhiteTeamCountry "GER"]
[BlackTeamCountry "GER"]

1. c4 e6 2. Nc3 d5 3. d4 Nf6 4. cxd5 exd5 5. Bg5 Be7 6. e3 O-O 7. Bd3 c6 8. Qc2 h6 9. Bh4 Re8 10. Nf3 Ne4 11. Bxe7 Qxe7 12. Ne5 Nd7 13. Bxe4 dxe4 14. Qxe4 Nxe5 15. Qxe5 Qxe5 16. dxe5 Rxe5 17. O-O-O 1/2-1/2

[Event "Oberliga Ost-B 1718"]
[Site "Germany"]
[Date "2018.01.21"]
[Round "5.1"]
[White "Kuznecovs, Nikita"]
[Black "Golubka, Petro"]
[Result "1/2-1/2"]
[WhiteElo "2130"]
[BlackElo "2445"]
[WhiteFideId "-1"]
[BlackFideId "-1"]
[PlyCount "167"]
[GameId "1209894285754368"]
[EventDate "2017.10.22"]
[EventType "team-tourn"]
[EventRounds "11"]
[EventCountry "GER"]
[SourceTitle "EXT 2019"]
[Source "ChessBase"]
[SourceDate "2018.10.10"]
[SourceVersion "1"]
[SourceVersionDate "2018.10.10"]
[SourceQuality "1"]
[WhiteTeam "Stadtilm Blau Weiss"]
[BlackTeam "Oberursel"]
[WhiteTeamCountry "GER"]
[BlackTeamCountry "GER"]

1. d4 Nf6 2. Bf4 g6 3. e3 Bg7 4. Be2 d6 5. Nf3 Nh5 6. Bg5 h6 7. Bh4 g5 8. Nfd2 Nf4 9. exf4 gxh4 10. Nf3 c5 11. c3 cxd4 12. Nxd4 Nc6 13. Nf3 Bf6 14. Nbd2 d5 15. Qb3 Qd6 16. Rd1 Qc5 17. Ne5 Bxe5 18. fxe5 h3 19. gxh3 Nxe5 20. Nf3 Nc4 21. Rd4 b5 22. Qb4 Qxb4 23. cxb4 e6 24. b3 Nd6 25. Rg1 a5 26. a4 bxa4 27. bxa4 axb4 28. Rxb4 Bd7 29. Rgg4 e5 30. Nxe5 Bxg4 31. hxg4 Kf8 32. Rd4 Ra5 33. Nc6 Rc5 34. Nb4 Rc1+ 35. Kd2 Rh1 36. Nxd5 Rxh2 37. Nb6 Nb7 38. Ke3 Kg7 39. Bb5 h5 40. gxh5 R8xh5 41. Nd7 Rg5 42. f4 Rh3+ 43. Kf2 Rh2+ 44. Kf3 Rgh5 45. Ne5 Nc5 46. Bc4 f5 47. Bf1 Rh1 48. Bg2 Ra1 49. Kg3 Ra3+ 50. Kf2 Rh4 51. Bf3 Rh2+ 52. Kg3 Rc2 53. Kh4 Rh2+ 54. Kg3 Rc2 55. Kh4 Kf6 56. Rd6+ Ke7 57. Rb6 Rcc3 58. Kg5 Ne6+ 59. Kg6 Rxa4 60. Rb7+ Rc7 61. Rxc7+ Nxc7 62. Kxf5 Ne6 63. Ng6+ Kd6 64. Kg4 Nxf4 65. Nxf4 Ke5 66. Kg5 Rxf4 67. Bd1 Rf1 68. Bc2 Rg1+ 69. Kh6 Rg2 70. Bb1 Kf6 71. Kh7 Rb2 72. Bd3 Rb8 73. Be4 Rd8 74. Bb1 Rd5 75. Kh8 Rb5 76. Bc2 Kf7 77. Bd3 Rb4 78. Bc2 Rh4+ 79. Bh7 Kf6 80. Kg8 Rd4 81. Bb1 Rd2 82. Kh7 Rd7+ 83. Kg8 Rg7+ 84. Kf8 1/2-1/2

[Event "Oberliga Ost-B 1718"]
[Site "Germany"]
[Date "2018.04.14"]
[Round "10.1"]
[White "Richter, Dustin"]
[Black "Golubka, Petro"]
[Result "1/2-1/2"]
[WhiteElo "2176"]
[BlackElo "2445"]
[WhiteFideId "-1"]
[BlackFideId "-1"]
[PlyCount "28"]
[GameId "1239997897519104"]
[EventDate "2017.10.22"]
[EventType "team-tourn"]
[EventRounds "11"]
[EventCountry "GER"]
[SourceTitle "EXT 2019"]
[Source "ChessBase"]
[SourceDate "2018.10.10"]
[SourceVersion "1"]
[SourceVersionDate "2018.10.10"]
[SourceQuality "1"]
[WhiteTeam "Sangerhausen"]
[BlackTeam "Oberursel"]
[WhiteTeamCountry "GER"]
[BlackTeamCountry "GER"]

1. Nf3 Nf6 2. g3 b5 3. Bg2 Bb7 4. O-O e6 5. d3 d5 6. c4 a6 7. b3 Nbd7 8. cxb5 Nc5 9. Qc2 axb5 10. Bf4 b4 11. Nbd2 Bd6 12. Bxd6 cxd6 13. a3 bxa3 14. b4 Ncd7 1/2-1/2

[Event "Oberliga Ost-B 1718"]
[Site "Germany"]
[Date "2018.04.15"]
[Round "11.1"]
[White "Golubka, Petro"]
[Black "Neugebauer, Martin"]
[Result "1-0"]
[WhiteElo "2445"]
[BlackElo "2451"]
[WhiteFideId "-1"]
[BlackFideId "-1"]
[PlyCount "109"]
[GameId "1240289658544128"]
[EventDate "2017.10.22"]
[EventType "team-tourn"]
[EventRounds "11"]
[EventCountry "GER"]
[SourceTitle "EXT 2019"]
[Source "ChessBase"]
[SourceDate "2018.10.10"]
[SourceVersion "1"]
[SourceVersionDate "2018.10.10"]
[SourceQuality "1"]
[WhiteTeam "Oberursel"]
[BlackTeam "Kassel"]
[WhiteTeamCountry "GER"]
[BlackTeamCountry "GER"]

1. e4 c5 2. Nf3 d6 3. d4 cxd4 4. Nxd4 Nf6 5. Nc3 a6 6. Bg5 e6 7. f4 h6 8. Bh4 Qb6 9. Bxf6 gxf6 10. Qd2 Qxb2 11. Nb3 Qa3 12. Be2 Nc6 13. O-O Bd7 14. Bh5 Rh7 15. Kh1 Be7 16. Nb1 Qb4 17. Qe3 Bd8 18. N1d2 Bb6 19. Qd3 Bd4 20. Rad1 Qc3 21. Nc4 Qxd3 22. Rxd3 Bc5 23. Nxc5 dxc5 24. Rxd7 Kxd7 25. Nb6+ Ke7 26. Nxa8 b5 27. Rd1 Rh8 28. Nc7 Nb8 29. a4 Rc8 30. Na8 Nc6 31. Nb6 Rc7 32. Kg1 Nb4 33. c4 bxc4 34. Nxc4 Nc6 35. f5 Rb7 36. Bxf7 Rb4 37. Bxe6 Nd4 38. Ne3 Rxa4 39. Nd5+ Kf8 40. Nxf6 Nxe6 41. fxe6 Ke7 42. Nd7 Rc4 43. Ra1 Kxe6 44. Nxc5+ Rxc5 45. Rxa6+ Ke5 46. Rxh6 Kxe4 47. Rf6 Rc2 48. Rf1 Rb2 49. h3 Ra2 50. Kh2 Ra3 51. h4 Rb3 52. g3 Ke5 53. Kh3 Rb4 54. h5 Ke6 55. g4 1-0

[Event "SWE-chT 1718 Superettan"]
[Site "Sweden"]
[Date "2017.10.20"]
[Round "1"]
[White "Ingbrandt, Johan"]
[Black "Golubka, Petro"]
[Result "1/2-1/2"]
[WhiteElo "2364"]
[BlackElo "2446"]
[WhiteFideId "-1"]
[BlackFideId "-1"]
[PlyCount "85"]
[GameId "1257055982264320"]
[EventDate "2017.10.20"]
[EventType "team-tourn"]
[EventRounds "9"]
[EventCountry "SWE"]
[SourceTitle "EXT 2019"]
[Source "ChessBase"]
[SourceDate "2018.10.10"]
[SourceVersion "1"]
[SourceVersionDate "2018.10.10"]
[SourceQuality "1"]
[WhiteTeam "Norrkoping Schack 08"]
[BlackTeam "Vaxjo"]
[WhiteTeamCountry "SWE"]
[BlackTeamCountry "SWE"]

1. Nf3 Nf6 2. g3 g6 3. b3 Bg7 4. Bb2 O-O 5. Bg2 d6 6. d4 Ne4 7. O-O c5 8. Nbd2 Nxd2 9. Qxd2 d5 10. Rfd1 Nc6 11. Bc3 cxd4 12. Nxd4 e5 13. Nxc6 bxc6 14. Ba5 Qf6 15. c4 d4 16. e3 Bg4 17. exd4 exd4 18. f3 Bf5 19. Re1 Rfe8 20. Rxe8+ Rxe8 21. Re1 Re3 22. f4 h5 23. Kf2 Rxe1 24. Qxe1 d3 25. Bd2 Qb2 26. Bxc6 Bd4+ 27. Kf3 Qxa2 28. Bd5 Qxb3 29. h3 Kg7 30. g4 hxg4+ 31. hxg4 Bd7 32. f5 gxf5 33. Qh1 Qb6 34. g5 Be6 35. Qh4 Kg8 36. g6 Bxd5+ 37. cxd5 fxg6 38. Qe7 Qf6 39. Qe8+ Kh7 40. Qd7+ Qg7 41. Qe6 Qe5 42. Qf7+ Qg7 43. Qe6 1/2-1/2

[Event "SWE-chT 1718 Superettan"]
[Site "Sweden"]
[Date "2017.10.21"]
[Round "2"]
[White "Lindgren, Fredrik"]
[Black "Golubka, Petro"]
[Result "1/2-1/2"]
[WhiteElo "2244"]
[BlackElo "2446"]
[WhiteFideId "-1"]
[BlackFideId "-1"]
[PlyCount "70"]
[GameId "1257055982333952"]
[EventDate "2017.10.20"]
[EventType "team-tourn"]
[EventRounds "9"]
[EventCountry "SWE"]
[SourceTitle "EXT 2019"]
[Source "ChessBase"]
[SourceDate "2018.10.10"]
[SourceVersion "1"]
[SourceVersionDate "2018.10.10"]
[SourceQuality "1"]
[WhiteTeam "Umea Rockaden"]
[BlackTeam "Vaxjo"]
[WhiteTeamCountry "SWE"]
[BlackTeamCountry "SWE"]

1. d4 d5 2. Nf3 Nf6 3. c4 e6 4. g3 c5 5. Bg2 Nc6 6. cxd5 exd5 7. O-O h6 8. Nc3 Be7 9. b3 O-O 10. dxc5 Bxc5 11. Bb2 Re8 12. Rc1 Be7 13. Nd4 Bg4 14. h3 Be6 15. Nxe6 fxe6 16. e3 Rc8 17. Qe2 Qa5 18. a3 Bd6 19. Rfd1 Qb6 20. b4 a5 21. Na4 Qd8 22. b5 Ne5 23. Rxc8 Qxc8 24. Rc1 Qd7 25. Nb6 Qd8 26. f4 Nf7 27. Nc8 Bf8 28. a4 e5 29. fxe5 Nxe5 30. Bd4 Kh8 31. Nb6 Qd6 32. Bc5 Qc7 33. Qc2 Bxc5 34. Qxc5 Qf7 35. Nxd5 Nfd7 1/2-1/2

[Event "UKR-ch 1/2 final"]
[Site "Omelnyk UKR"]
[Date "2017.10.03"]
[Round "1.6"]
[White "Smolin, Sergey"]
[Black "Golubka, Petro"]
[Result "0-1"]
[WhiteElo "2156"]
[BlackElo "2469"]
[WhiteFideId "-1"]
[BlackFideId "-1"]
[PlyCount "84"]
[GameId "2130307626886503"]
[EventDate "2017.10.03"]
[EventType "swiss"]
[EventRounds "9"]
[EventCountry "UKR"]
[SourceTitle "10 Days #522"]
[Source "Chess Mix"]
[SourceDate "2017.10.20"]
[SourceVersion "1"]
[SourceVersionDate "2017.10.20"]
[SourceQuality "1"]

1. e4 c5 2. Nc3 a6 3. a4 Nc6 4. Nge2 e6 5. g3 Nf6 6. Bg2 d5 7. exd5 exd5 8. d4 Bg4 9. Be3 cxd4 10. Bxd4 Bb4 11. f3 Be6 12. O-O O-O 13. Nf4 Nxd4 14. Qxd4 Qa5 15. Nxe6 fxe6 16. Qe5 Rfe8 17. Ne2 Rac8 18. c3 Qb6+ 19. Kh1 Bd6 20. Qd4 Qxb2 21. Qd3 Qb6 22. Rfb1 Qc7 23. Rb3 e5 24. Rab1 Qc4 25. Qxc4 Rxc4 26. Rxb7 Rxa4 27. R7b6 Bc5 28. Rc6 Be3 29. Rc7 Ra2 30. Bf1 h5 31. f4 exf4 32. gxf4 Rxe2 33. Rbb7 Rxh2+ 34. Kxh2 Bxf4+ 35. Kh3 Re3+ 36. Kg2 Rg3+ 37. Kh1 Bxc7 38. Rxc7 a5 39. c4 dxc4 40. Bxc4+ Kh7 41. Ra7 Ra3 42. Bf7 Kh6 0-1

[Event "UKR-ch 1/2 final"]
[Site "Omelnyk UKR"]
[Date "2017.10.04"]
[Round "2.6"]
[White "Golubka, Petro"]
[Black "Galperin, Platon"]
[Result "1-0"]
[WhiteElo "2469"]
[BlackElo "2285"]
[WhiteFideId "-1"]
[BlackFideId "-1"]
[PlyCount "49"]
[GameId "2130307626886511"]
[EventDate "2017.10.03"]
[EventType "swiss"]
[EventRounds "9"]
[EventCountry "UKR"]
[SourceTitle "10 Days #522"]
[Source "Chess Mix"]
[SourceDate "2017.10.20"]
[SourceVersion "1"]
[SourceVersionDate "2017.10.20"]
[SourceQuality "1"]

1. d4 Nf6 2. c4 d6 3. Nc3 Bf5 4. f3 e5 5. e4 exd4 6. Nb5 c6 7. Nxd4 Bg6 8. Nge2 Nbd7 9. Ng3 d5 10. exd5 Bb4+ 11. Bd2 Bxd2+ 12. Qxd2 O-O 13. d6 Re8+ 14. Be2 Ne5 15. O-O-O Qxd6 16. Ngf5 Qf8 17. Nh4 Nxc4 18. Nxg6 Qc5 19. b4 Qd5 20. Nf4 Nxd2 21. Nxd5 Nxd5 22. Rxd2 Nxb4 23. Bc4 b5 24. Bb3 Rac8 25. Nf5 1-0